Пропуск в контексте

Практикум по юридическому консультированию Практикум

Издание содержит теоретические вопросы деятельности юридических клиник в Российской Федерации консультирования граждан в порядке работы с обращениями вопросы для обсуждения перечни литературы и материалов судебной практики практические ситуации с комментариями и задачи для решения глоссарий образцы...

Fuld beskrivelse

Сохранить в:
Bibliografiske detaljer
Format: Практикум
Udgivelse:1
Serier:Для юридических вузов и факультетов
Online adgang:https://znanium.com/catalog/document?id=400009
https://znanium.com/cover/1852/1852232.jpg
Tags: Tilføj Tag
Ingen Tags, Vær først til at tagge denne postø!
LEADER 02399nam0a2200325 i 4500
001 RU\infra-m\znanium\bibl\1852232
003 https://znanium.com/catalog/document?id=400009
005 20250421000000.0
010 |a 978-5-91768-513-7 
010 |a 978-5-16-101699-2  |b электр. издание 
100 |a 20250421d2022 m y0rusy0150 ca 
101 0 |a rus 
102 |a RU 
200 1 |a Практикум по юридическому консультированию  |e Практикум  |f Тюменский государственный университет 
205 |a 1 
210 1 |a Москва  |c ООО "Юридическое издательство Норма"  |d 2022 
215 |a 208 с. 
225 1 |a Для юридических вузов и факультетов 
330 |a Издание содержит теоретические вопросы деятельности юридических клиник в Российской Федерации консультирования граждан в порядке работы с обращениями вопросы для обсуждения перечни литературы и материалов судебной практики практические ситуации с комментариями и задачи для решения глоссарий образцы документов. Для студентов бакалавриата и магистратуры направления "Юриспруденция". 
333 |a ВО - Бакалавриат 
606 |a Право. Юридические науки  |x Теория права. Правоведение  |2 local 
608 |a Практикум  |2 local 
675 |a 347.965(470+571)(076)  |z rus 
686 |a 67.75(2Рос)я73  |2 rubbk 
686 |a 40.03.01  |2 okso 
686 |a 40.04.01  |2 okso 
702 1 |a Чеботарев  |b Г.Н.  |g Геннадий Николаевич  |p Тюменский государственный университет  |r Под ред. 
801 0 |a RU  |b Общество с ограниченной ответственностью «ЗНАНИУМ»  |c 20211106  |2 rusmarc 
856 4 |a znanium.com  |m ebs_support@infra-m.ru  |n НИЦ ИНФРА-М  |u https://znanium.com/catalog/document?id=400009 
856 4 1 |a znanium.com  |d /cover/1852  |f 1852232.jpg  |q image/jpeg  |u https://znanium.com/cover/1852/1852232.jpg